000 02237nam a2200337 a 4500
001 000017856
003 OSt
005 20240410073848.0
008 100406t2001 dr c 001 0bspa d
040 _aDO-SdBNP
_bspa
_cDO-SdBNP
049 _a
082 _a923.27293
_bD812a,2001
100 1 _aAcosta Piña, Carlos Aníbal
_938735
245 1 3 _aEl general Duarte /
_cCarlos A. Acosta Piña ; presentación J. Alfonso Lockward P. ; prólogo César de Windt Lavandier.
250 _a2a. ed.
260 _aSanto Domingo :
_bInstituto Duartiano,
_c2001
300 _a573 p. ;
_cil., retrs.
_c22 cm.
490 1 _aDuartiana
_v9
500 _aIncluye índice de personas, lugares y materias.
500 _aIncluye datos biográficos del autor en la contracubierta
504 _aBibliografía : p. 572-573.
505 0 _gPresentación /
_rJ. Alfonso Lockward P. --
_tPrólogo /
_rCésar de Windt Lavandier --
_tBusto del General Juan Pablo Duarte, frente a la entrada principal del Hospital Militar "Dr. Enrique W. Lightgow Ceara", E.N. en la ciudad de Santo Domingo --
_tIntroducción --
_tEl cabo Duarte --
_tEl ejército secreto --
_tEn la revolución de "La Reforma" --
_tAscenso a Coronel --
_tPlan de desembarco en Guayacanes --
_tEl ejército haitiano --
_tEl Ejército Libertador Dominicano --
_tGeneral de Brigada del ejército --
_tLa marina en los planes de Duarte --
_tEn el frente de batalla del Sur --
_tSolicitud de ascenso --
_tLíder del movimiento armado del 9 de junio --
_tDelegado del gobierno en el Cibao --
_tProclamado Presidente de la República --
_tDestitución y destierro --
_tReglamentación del Ejército y la Guardia Nacional --
_tDos personalidades diferentes (Duarte y Santana) --
_tEn la guerra restauradora --
_tEl ejército libertador dominicano y la Guerra de Cuba --
_gConcluiones --
_gAnexos --
_gMapas y planos --
_gIndice de personas, lugares y materias --
_gBibliografías.
600 1 0 _aDuarte, Juan Pablo,
_d1813-1876
_91494
651 0 _aRepública Dominicana --
_xHistoria --
_y1844-1930
_91009
700 1 _aLockward Pérez, Jorge Alfonso,
_d1937-2001
_92059
700 1 _aWindt Lavandier, César de,
_epról.
_938736
830 0 _aDuartiana
_n9
_938768
910 _a
942 _2ddc
_cLBS1
956 _aVMateo
999 _c48897
_d48897